| 000 | 01039nmc a2200337 a 4500 | ||
|---|---|---|---|
| 003 | AR-BaBNM | ||
| 005 | 20251128211308.0 | ||
| 008 | 203120s2003 ||||||||||||||000 | spa|| | ||
| 020 | _a84-7112-484-X | ||
| 040 | _cAR-BaBNM | ||
| 100 | 1 | _aSmale, Gerald | |
| 245 | 1 | 0 |
_aProblemas sociales y trabajo social _bhacia la inclusión y el cambio social |
| 260 |
_aMadrid _bEdiciones Morata _c2003 _bFundación Paideia |
||
| 300 | 0 | _a263 p. | |
| 490 | 0 |
_aPedagogía. Educación crítica _vv. r |
|
| 500 | 0 | _aTraducción de Pablo Manzano | |
| 500 | 0 | _aContiene índice alfabético de autores y materias | |
| 504 | _aContiene referencias bibliográficas p. 246-255 | ||
| 650 | 4 | _aMARGINALIDAD SOCIAL | |
| 650 | 4 | _aPROCESOS SOCIALES | |
| 650 | 4 | _aACCION SOCIAL | |
| 650 | 4 | _aTRABAJADORES SOCIALES | |
| 650 | 4 | _aCAMBIO SOCIAL | |
| 650 | 4 | _aTRABAJO SOCIAL | |
| 700 | 1 | _aTuson, Graham | |
| 700 | 1 | _aStatham, Daphne | |
| 700 | 1 |
_aManzano, Pablo _etraductor |
|
| 800 | 1 | _aTorres Santomé, Jurjo | |
| 942 | _cBK | ||
| 998 | _craquel | ||
| 999 |
_c19044 _d19044 |
||